Detalles MARC
| 000 -LIDER |
| fixed length control field |
01243nam a2200325 a 4500 |
| 001 - NÚMERO DE CONTROL |
| Identificador de número de control |
000043274 |
| 003 - IDENTIFICACDOR DE NÚMERO DE CONTROL |
| control field |
DO-SdBNP |
| 005 - DATE AND TIME OF LATEST TRANSACTION |
| control field |
20230721110245.0 |
| 008 - ELEMENTOS DE LONGITUD FIJA |
| fixed length control field |
140303s 2009 sp 000 0 spa d |
| 020 ## - ISBN |
| International Standard Book Number |
9788483470992 |
| 040 ## - FUENTE DE CATALOGACIÓN |
| Agencia que crea de manera original el registro |
DO-SdBNP |
| Idioma de catalogación |
spa |
| Agencia que realiza la transcripción |
BPMSU |
| 082 #4 - NÚMERO DE CLASIFICACIÓN DECIMAL DE DEWEY |
| Classification number |
RD864.08 |
| Item number |
B742J 2009 |
| Edition number |
22 |
| 100 1# - ASIENTO PRINCIPAL -- NOMBRE PERSONAL |
| Nombre personal |
Bosch, Juan, |
| Fechas asociadas con el nombre |
1909-2001 |
| 9 (RLIN) |
1 |
| 245 10 - MENCIÓN DE TITULO |
| Título |
Juan Bosch / |
| Mención de responsabilidad |
edición de Pablo A. Maríñez. |
| 260 ## - PUBLICACIÓN, DISTRIBUCIÓN, ETC. (PIE DE IMPRENTA) |
| Lugar de publicación, distribución, etc |
Madrid : |
| Nombre del editor, distribuidor, etc. |
Agencia Española de Cooperación Internacional, |
| Fecha de publicación, distribución, etc |
2009. |
| 300 ## - DESCRIPCIÓN FÍSICA |
| Extensión |
273 p. ; |
| Dimensiones |
24 cm. |
| 490 0# - MENCIÓN DE SERIES |
| Mención de serie |
Antología del pensamiento político, social y económico de América latina ; |
| -- |
Ciencia y humanismo, |
| Volume/sequential designation |
24 |
| 500 ## - NOTA GENERAL |
| Nota general |
Incluye datos biográficos del autor en la contracubierta |
| 504 ## - NOTA DE BIBLIOGRAFÍA, ETC. |
| Bibliography, etc |
Incluye referencias bibliográficas y notas al pie de las páginas |
| 504 ## - NOTA DE BIBLIOGRAFÍA, ETC. |
| Bibliography, etc |
Bibliografía : p. 263- 273 |
| 590 ## - NOTA LOCAL |
| Enlace |
Inventariado, 2023/VM |
| 600 14 - ENCABEZAMIENTO DE MATERIA--NOMBRE PERSONAL |
| Nombre personal |
Bosch, Juan |
| Fechas asociadas con el nombre |
1909-2001 |
| Subdivisión temática general |
Pensamiento político y social |
| 650 #4 - ENCABEZAMIENTO DE MATERIA--TEMÁTICO |
| Término temático o nombre geográfico como elemento de entrada |
Ensayos dominicanos |
| Subdivisión de forma |
Colecciones |
| 650 ## - ENCABEZAMIENTO DE MATERIA--TEMÁTICO |
| Término temático o nombre geográfico como elemento de entrada |
Sociología histórica |
| 651 #4 - ENCABEZAMIENTO DE MATERIA--NOMBRE GEOGRÁFICO |
| Nombre geográfico |
América Latina |
| Subdivisión de forma |
Aspectos sociopolíticos |
| Fuente del encabezamiento o término |
|
| 700 1# - ASIENTO SECUNDARIO -- NOMBRE PERSONAL |
| Nombre personal |
Maríñez, Pablo A., |
| Mención de responsabilidad |
ed. |
| 710 2# - ASIENTO SECUNDARIO -- NOMBRE CORPORATIVO |
| Nombre corporativo o de jurisdicción |
Agencia Española de Cooperación Internacional |
| 910 ## - VALIDACIÓN |
| Validación |
vmateo |
| 942 ## - ADDED ENTRY ELEMENTS (KOHA) |
| Source of classification or shelving scheme |
Dewey Decimal Classification |
| Koha item type |
Libros |